Library Banner

Ishtarakiyyat aur mazhab o akhlaq = اشتراکیت اور مزہب و اخلاق / (Record no. 122245)

MARC details
000 -LEADER
fixed length control field 00513nam a22001457a 4500
005 - DATE AND TIME OF LATEST TRANSACTION
control field 20210508110653.0
008 - FIXED-LENGTH DATA ELEMENTS--GENERAL INFORMATION
fixed length control field 210508b ||||| |||| 00| 0 eng d
040 ## - CATALOGING SOURCE
Transcribing agency PK-LaUMT
082 ## - DEWEY DECIMAL CLASSIFICATION NUMBER
Classification number RHC 320.532
Item number NAZ-I
100 ## - MAIN ENTRY--PERSONAL NAME
Personal name Nazar Muhammad Khalid = نزر محمد خالد
245 ## - TITLE STATEMENT
Title Ishtarakiyyat aur mazhab o akhlaq = اشتراکیت اور مزہب و اخلاق /
Statement of responsibility, etc by Nazar Muhammad Khalid = نزر محمد خالد
260 ## - PUBLICATION, DISTRIBUTION, ETC. (IMPRINT)
Place of publication, distribution, etc Kararchi :
Name of publisher, distributor, etc Maktaba Chiragh Rah,
Date of publication, distribution, etc NA
300 ## - PHYSICAL DESCRIPTION
Extent 144 p.
942 ## - ADDED ENTRY ELEMENTS (KOHA)
Koha item type Books
Holdings
Withdrawn status Lost status Damaged status Home library Current library Date acquired Full call number Barcode Date last seen Price effective from Koha item type
      UMT Main Campus UMT Main Campus 2021-05-08 RHC 320.532 NAZ-I 136961 2021-05-08 2021-05-08 Books